000 00744pam a2200229 a 4500
020 _a0070258112 (recycled, acidfree paper)
040 _cDLC
082 0 0 _a338 MCG 1994 A069 Or.
100 1 _aSeitz, Wesley D.
245 1 0 _aEconomics of resources, agriculture, and food /
260 _aNew York :
_bMcGraw-Hill,
_cc1994.
300 _axxiv, 477 p. :
_bill. ;
_c25 cm.
500 _aIncludes index.
650 0 _aAgriculture
650 0 _aAgricultural industries.
650 0 _aAgriculture and state.
700 1 _aNelson, Gerald C.
700 1 _aHalcrow, Harold G.
856 4 2 _uhttp://www.loc.gov/catdir/enhancements/fy0602/93031727-d.html
856 4 1 _uhttp://www.loc.gov/catdir/enhancements/fy0602/93031727-t.html
942 _cEK
999 _c14680
_d14680